[Event "Bad Woerishofen op"]
[Site "?"]
[Date "2009.03.07"]
[Round "3"]
[White "Erler, Mark"]
[Black "Segelken, Peter"]
[Result "1-0"]
[WhiteElo "2015"]
[BlackElo "1870"]
[PlyCount "75"]
[EventDate "2009.03.05"]

1. d4 d5 2. c4 c6 3. Nf3 e6 4. g3 Nf6 5. Bg2 Bb4+ 6. Nbd2 Ne4 7. O-O Nxd2 8.
Bxd2 Bxd2 9. Nxd2 O-O 10. e4 f5 11. exf5 exf5 12. cxd5 cxd5 13. Qb3 Nd7 14.
Bxd5+ Kh8 15. Bg2 Nb6 16. d5 f4 17. Rae1 Bd7 18. Re5 Ba4 19. Qd3 Qf6 20. Rh5 h6
21. b3 Be8 22. Ne4 Qg6 23. Re5 Bd7 24. Bf3 fxg3 25. hxg3 Bf5 26. Qd1 Bxe4 27.
Bxe4 Qf6 28. Re6 Qg5 29. d6 Rf6 30. Re7 Rd8 31. Bb1 Nc8 32. Qc2 g6 33. Qc7 Nxe7
34. Qxd8+ Ng8 35. d7 h5 36. Bd3 b5 37. Re1 Qc5 38. Qxf6+ 1-0

[Event "Bad Woerishofen op"]
[Site "?"]
[Date "2009.03.07"]
[Round "3"]
[White "Rothenhagen, Siegfrie"]
[Black "Vonach, Bernhard Dr"]
[Result "1/2-1/2"]
[WhiteElo "1772"]
[BlackElo "1986"]
[PlyCount "30"]
[EventDate "2009.03.05"]

1. d4 d5 2. Nf3 e6 3. e3 Nf6 4. Bd3 b6 5. Nbd2 Bb7 6. O-O Nbd7 7. Re1 Ne4 8. c3
Be7 9. Qc2 f5 10. b3 O-O 11. Bb2 g5 12. Ne5 Nxe5 13. dxe5 Qe8 14. f3 Nxd2 15.
Qxd2 Qg6 1/2-1/2

[Event "Bad Woerishofen op"]
[Site "?"]
[Date "2009.03.07"]
[Round "3"]
[White "Wagner, Gerhard"]
[Black "Plug, Arjan"]
[Result "1/2-1/2"]
[WhiteElo "1760"]
[BlackElo "1982"]
[PlyCount "33"]
[EventDate "2009.03.05"]

1. e4 e6 2. d4 d5 3. Nd2 h6 4. Bd3 Nf6 5. e5 Nfd7 6. c3 c5 7. Ne2 Nc6 8. Nf3
Qb6 9. O-O g5 10. h3 Bg7 11. Re1 cxd4 12. cxd4 Qd8 13. a3 a6 14. Ng3 Qb6 15.
Nh5 Bf8 16. Bc2 Na5 17. Ba4 1/2-1/2

[Event "Bad Woerishofen op"]
[Site "?"]
[Date "2009.03.07"]
[Round "3"]
[White "Bogner, Norbert"]
[Black "Kugelmann, Werner"]
[Result "0-1"]
[WhiteElo "2075"]
[BlackElo "2203"]
[PlyCount "50"]
[EventDate "2009.03.05"]

1. d4 Nf6 2. c4 g6 3. Nc3 Bg7 4. e4 d6 5. Nf3 O-O 6. Be2 Na6 7. Be3 e5 8. d5
Ng4 9. Bg5 f6 10. Bh4 Qe8 11. Nd2 f5 12. Nb5 Nf6 13. f3 Bh6 14. O-O Be3+ 15.
Kh1 g5 16. Bf2 Bxf2 17. Rxf2 f4 18. g4 fxg3 19. Rg2 Nh5 20. hxg3 Bh3 21. Rg1
Qg6 22. f4 g4 23. f5 Qh6 24. Bxg4 Nf6 25. Bh5 Bg4 0-1

[Event "Bad Woerishofen op"]
[Site "?"]
[Date "2009.03.07"]
[Round "3"]
[White "Bogner, Sebastian"]
[Black "Trebbin, Wolfhard Dr"]
[Result "1-0"]
[WhiteElo "2467"]
[BlackElo "2071"]
[PlyCount "71"]
[EventDate "2009.03.05"]

1. d4 d5 2. c4 c6 3. Nf3 Nf6 4. e3 e6 5. b3 Bb4+ 6. Nbd2 Ne4 7. Bd3 f5 8. O-O
O-O 9. a3 Bc3 10. Rb1 Bxd2 11. Bxd2 Nxd2 12. Qxd2 Nd7 13. b4 b6 14. Rfc1 Bb7
15. Qc2 Nf6 16. a4 Rc8 17. c5 Ne4 18. Ne5 bxc5 19. dxc5 Qc7 20. f4 a6 21. Qb2
Rb8 22. g4 Nf6 23. gxf5 exf5 24. Bxf5 Bc8 25. Qc2 Kh8 26. Kh1 d4 27. exd4 Bxf5
28. Qxf5 Nd5 29. Qd7 Rbc8 30. Qxc7 Rxc7 31. b5 cxb5 32. axb5 axb5 33. Rxb5 Nxf4
34. Rf1 g5 35. c6 Kg8 36. Nd7 1-0

[Event "Bad Woerishofen op"]
[Site "?"]
[Date "2009.03.07"]
[Round "3"]
[White "Klaus, Daniel"]
[Black "Skembris, Spyridon"]
[Result "0-1"]
[WhiteElo "2015"]
[BlackElo "2413"]
[PlyCount "72"]
[EventDate "2009.03.05"]

1. e4 g6 2. d4 c6 3. Nc3 Bg7 4. f4 d5 5. e5 Nh6 6. Be3 f6 7. Qd2 Ng4 8. Nf3
Nxe3 9. Qxe3 O-O 10. Bd3 Bh6 11. O-O Bg4 12. exf6 exf6 13. Nd2 Bc8 14. Rae1 Qd6
15. Qg3 f5 16. Nd1 Nd7 17. Qh4 Bg7 18. c3 Nf6 19. Nf3 Ne4 20. Ne5 c5 21. Re3
cxd4 22. Rh3 Nf6 23. cxd4 Qb6 24. Nf3 Nh5 25. Nc3 Be6 26. Bb1 Bf6 27. Qf2 Nxf4
28. Rh4 Bxh4 29. Nxh4 Nh5 30. Na4 Qd6 31. Nc5 b6 32. Nd3 Nf6 33. Ne5 Ng4 34.
Qf4 Nxe5 35. dxe5 Qc5+ 36. Kh1 Qc4 0-1

[Event "Bad Woerishofen op"]
[Site "?"]
[Date "2009.03.07"]
[Round "3"]
[White "Dierich, Jochen"]
[Black "Bjarnason, Oskar"]
[Result "0-1"]
[WhiteElo "2007"]
[BlackElo "2232"]
[PlyCount "44"]
[EventDate "2009.03.05"]

1. e4 Nf6 2. e5 Nd5 3. c4 Nb6 4. d4 d6 5. exd6 cxd6 6. h3 g6 7. Nf3 Bg7 8. Be2
O-O 9. O-O Nc6 10. Nc3 e5 11. dxe5 dxe5 12. Nd5 e4 13. Nh2 Nd4 14. Ne3 Qc7 15.
Rb1 Rd8 16. Qe1 f5 17. b4 f4 18. c5 fxe3 19. cxb6 Qc2 20. Rb2 Nf3+ 21. Bxf3
Bxb2 22. Bxb2 Qxb2 0-1

[Event "Bad Woerishofen op"]
[Site "?"]
[Date "2009.03.07"]
[Round "3"]
[White "Spanton, Timothy"]
[Black "Ballon, Guenther Jan"]
[Result "1/2-1/2"]
[WhiteElo "2008"]
[BlackElo "2192"]
[PlyCount "38"]
[EventDate "2009.03.05"]

1. e4 e5 2. Nf3 Nc6 3. Bb5 g6 4. d4 exd4 5. Bg5 Be7 6. Bxe7 Ngxe7 7. Nxd4 O-O
8. Nc3 d6 9. O-O Nxd4 10. Qxd4 Nc6 11. Qd2 Be6 12. Rad1 f6 13. Rfe1 a6 14. Ba4
Kg7 15. Nd5 Ne5 16. Qc3 Bxd5 17. Rxd5 Nd7 18. Rd3 Nc5 19. Rd4 Nxa4 1/2-1/2

[Event "Bad Woerishofen op"]
[Site "?"]
[Date "2009.03.07"]
[Round "3"]
[White "Leiber, Bernard"]
[Black "Meul, Willi"]
[Result "1-0"]
[WhiteElo "2145"]
[BlackElo "1988"]
[PlyCount "45"]
[EventDate "2009.03.05"]

1. e4 c5 2. Nf3 Nc6 3. Nc3 g6 4. d4 cxd4 5. Nxd4 Bg7 6. Be3 Nf6 7. Bc4 O-O 8.
Bb3 d6 9. f3 Na5 10. Qd2 Bd7 11. O-O-O Nxb3+ 12. cxb3 Qc7 13. Kb1 b6 14. g4
Rac8 15. h4 h5 16. gxh5 Nxh5 17. Nd5 Qd8 18. Bg5 f6 19. Be3 Qe8 20. Rhg1 Qf7
21. Rxg6 e6 22. Nxf6+ Nxf6 23. Rdg1 1-0

[Event "Bad Woerishofen op"]
[Site "?"]
[Date "2009.03.07"]
[Round "3"]
[White "Glas, Stefan"]
[Black "Hornung, Hans"]
[Result "1/2-1/2"]
[WhiteElo "1983"]
[BlackElo "2166"]
[PlyCount "37"]
[EventDate "2009.03.05"]

1. e4 g6 2. d4 Bg7 3. c3 d6 4. Bd3 Nf6 5. Ne2 O-O 6. O-O e5 7. Bg5 Qe8 8. f3
Nc6 9. Nd2 h6 10. Be3 Kh8 11. d5 Ne7 12. c4 Nd7 13. b4 f5 14. c5 f4 15. Bf2 Nf6
16. cxd6 cxd6 17. Nc4 Qd8 18. Nc3 Ne8 19. Nb5 1/2-1/2

[Event "Bad Woerishofen op"]
[Site "?"]
[Date "2009.03.07"]
[Round "3"]
[White "Duckstein, Torsten"]
[Black "Schmidt, Robert"]
[Result "0-1"]
[WhiteElo "1960"]
[BlackElo "2160"]
[PlyCount "34"]
[EventDate "2009.03.05"]

1. d4 c5 2. Nc3 cxd4 3. Qxd4 Nc6 4. Qa4 g6 5. e3 Bg7 6. Bd2 Nf6 7. O-O-O O-O 8.
g4 d6 9. Be2 Be6 10. g5 Nd7 11. h4 Nc5 12. Qa3 a6 13. Bf3 Ne5 14. Bd5 Bxd5 15.
Nxd5 Nc4 16. Qb4 Nxb2 17. h5 Nbd3+ 0-1

[Event "Bad Woerishofen op"]
[Site "?"]
[Date "2009.03.07"]
[Round "3"]
[White "Daeubler, Heinrich"]
[Black "Klein, Gereon"]
[Result "1-0"]
[WhiteElo "2124"]
[BlackElo "1945"]
[PlyCount "51"]
[EventDate "2009.03.05"]

1. d4 d5 2. c4 e6 3. Nc3 Nf6 4. Nf3 Be7 5. g3 O-O 6. Bg2 Nbd7 7. O-O c6 8. Bf4
dxc4 9. e4 Nb6 10. a4 a5 11. Qe2 Re8 12. Rfd1 Bb4 13. Nd2 h6 14. Nxc4 Nxc4 15.
Qxc4 Qe7 16. Na2 b5 17. axb5 cxb5 18. Qxb5 Ba6 19. Qa4 Be2 20. Rdc1 Bd3 21.
Nxb4 Qxb4 22. Qxb4 axb4 23. f3 Rxa1 24. Rxa1 Rc8 25. Rc1 Bc2 26. b3 1-0

[Event "Bad Woerishofen op"]
[Site "?"]
[Date "2009.03.07"]
[Round "3"]
[White "Lang, Ludwig"]
[Black "Buchaeckert, Juergen"]
[Result "0-1"]
[WhiteElo "1476"]
[BlackElo "1948"]
[PlyCount "86"]
[EventDate "2009.03.05"]

1. c4 Nf6 2. d4 g6 3. Nf3 Bg7 4. g3 c6 5. b3 O-O 6. Bb2 d5 7. c5 Ne4 8. Bg2
Nxc5 9. O-O Ne4 10. Nfd2 Nf6 11. h3 Bf5 12. Na3 Nbd7 13. Nc2 Re8 14. Ne3 Be6
15. Nf3 Ne4 16. Rb1 Qc8 17. Nd2 Nxd2 18. Qxd2 Nf6 19. Kh2 Bh6 20. Qd3 a5 21. a4
Qc7 22. Rg1 Rad8 23. Nc2 Bf5 24. Qd1 Ne4 25. Bc1 Nc3 26. Bxh6 Nxd1 27. Rbxd1
Bxc2 28. Rd2 Bxb3 29. Bf4 Qd7 30. h4 Bxa4 31. Ra2 b5 32. Bh3 Qa7 33. Be3 Bb3
34. Raa1 a4 35. Bc1 Qxd4 36. Be3 Qf6 37. Bg5 Qxf2+ 38. Rg2 Qd4 39. Re1 Qc3 40.
Rc1 Qg7 41. Rxc6 a3 42. Bd2 Bc4 43. Ra6 a2 0-1

[Event "Bad Woerishofen op"]
[Site "?"]
[Date "2009.03.07"]
[Round "3"]
[White "Schmitzer, Peter"]
[Black "Klett, Thomas"]
[Result "1-0"]
[WhiteElo "2090"]
[BlackElo "1914"]
[PlyCount "43"]
[EventDate "2009.03.05"]

1. d4 Nf6 2. Bf4 e6 3. e3 c5 4. c3 Nc6 5. Nf3 d5 6. Nbd2 a6 7. Bd3 Bd6 8. Ne5
Bxe5 9. dxe5 Nd7 10. Nf3 f6 11. exf6 Nxf6 12. Ne5 O-O 13. O-O Qe8 14. Nxc6 Qxc6
15. Be5 b6 16. f4 Ra7 17. Qf3 Qe8 18. Qh3 g6 19. Rf3 Ne4 20. Qh6 Rff7 21. Rh3
Rad7 22. Qxg6+ 1-0

[Event "Bad Woerishofen op"]
[Site "?"]
[Date "2009.03.07"]
[Round "3"]
[White "Fiedler, Wolfgang"]
[Black "Sickinger, Wolfgang"]
[Result "1-0"]
[WhiteElo "2068"]
[BlackElo "1868"]
[PlyCount "25"]
[EventDate "2009.03.05"]

1. Nf3 f5 2. c4 Nf6 3. Nc3 g6 4. g3 Bg7 5. Bg2 O-O 6. d4 d6 7. d5 a5 8. O-O Na6
9. Nd4 Nc5 10. b3 e5 11. dxe6 Qe7 12. Nd5 Qe8 13. Nxc7 1-0

[Event "Bad Woerishofen op"]
[Site "?"]
[Date "2009.03.07"]
[Round "3"]
[White "Lindner, Ulrich"]
[Black "Bauder, Herbert"]
[Result "1-0"]
[WhiteElo "1943"]
[BlackElo "2057"]
[PlyCount "47"]
[EventDate "2009.03.05"]

1. e4 c5 2. Nf3 Nc6 3. d4 cxd4 4. c3 dxc3 5. Nxc3 e6 6. Bc4 a6 7. Qe2 d6 8. O-O
Qc7 9. Rd1 Nf6 10. Bf4 Ne5 11. Bxe5 dxe5 12. Rac1 Qb8 13. Bb5+ Bd7 14. Bxd7+
Nxd7 15. Qd2 Qd8 16. Ng5 Qe7 17. Na4 Nf6 18. Nb6 Rd8 19. Qxd8+ Qxd8 20. Rxd8+
Kxd8 21. Nxf7+ Ke8 22. Nxh8 Be7 23. Rc8+ Bd8 24. Nf7 1-0

[Event "Bad Woerishofen op"]
[Site "?"]
[Date "2009.03.07"]
[Round "3"]
[White "Urban, Rudolf"]
[Black "Titz, Waldemar"]
[Result "1/2-1/2"]
[WhiteElo "1994"]
[BlackElo "1805"]
[PlyCount "40"]
[EventDate "2009.03.05"]

1. d4 Nf6 2. Nf3 d5 3. Bf4 e6 4. e3 Be7 5. Nbd2 Nbd7 6. Bd3 c5 7. c3 c4 8. Bc2
O-O 9. Qe2 Nh5 10. Ne5 Nxf4 11. exf4 Nxe5 12. fxe5 f5 13. exf6 Bxf6 14. Nf3 g6
15. O-O Qd6 16. Rfe1 Bd7 17. Ne5 Bxe5 18. Qxe5 Qxe5 19. Rxe5 Rf6 20. Rae1 Raf8
1/2-1/2

[Event "Bad Woerishofen op"]
[Site "?"]
[Date "2009.03.07"]
[Round "3"]
[White "Engl, Heinz"]
[Black "Mueller, Wolfgang"]
[Result "1-0"]
[WhiteElo "2054"]
[BlackElo "1905"]
[PlyCount "43"]
[EventDate "2009.03.05"]

1. e4 c5 2. Nf3 d6 3. d4 cxd4 4. Nxd4 Nf6 5. Nc3 a6 6. Bg5 Nbd7 7. f4 g6 8. Qd2
Bg7 9. O-O-O Qc7 10. Kb1 b5 11. Be2 Bb7 12. Bf3 h5 13. f5 Ne5 14. fxg6 Nxg6 15.
Nf5 Bf8 16. Nxd6+ exd6 17. Bxf6 Bh6 18. Qxd6 Qxd6 19. Rxd6 Bf4 20. Rb6 Rb8 21.
Bxh8 Nxh8 22. e5 1-0

[Event "Bad Woerishofen op"]
[Site "?"]
[Date "2009.03.07"]
[Round "3"]
[White "Taufratshofer, Martin"]
[Black "Fischer, Peter"]
[Result "1-0"]
[WhiteElo "2031"]
[BlackElo "1878"]
[PlyCount "73"]
[EventDate "2009.03.05"]

1. d4 d5 2. Nf3 Nf6 3. Bf4 e6 4. e3 Bd6 5. Ne5 O-O 6. Nd2 Nbd7 7. Bd3 c6 8.
Nxf7 Rxf7 9. Bxd6 Qe8 10. f4 Qd8 11. O-O Ne8 12. Ba3 Ndf6 13. Nf3 Nd6 14. Ne5
Rc7 15. Qf3 Nb5 16. Bb4 a5 17. Be1 Qf8 18. c4 Nd6 19. b4 dxc4 20. Nxc4 Nxc4 21.
Bxc4 axb4 22. f5 Kh8 23. Bg3 Re7 24. Bd6 exf5 25. Bxb4 Qd8 26. Bxe7 Qxe7 27.
Bd3 Ra3 28. Bxf5 Bxf5 29. Qxf5 Qxe3+ 30. Qf2 Qe7 31. Rae1 Qd7 32. Qb2 Rd3 33.
Rf4 Qd6 34. Qf2 h6 35. g3 Qd5 36. Rxf6 gxf6 37. Qxf6+ 1-0

[Event "Bad Woerishofen sen"]
[Site "?"]
[Date "2009.03.07"]
[Round "3"]
[White "Mittermaier, Walter"]
[Black "Weinwurm, Wolfgang Dr"]
[Result "1-0"]
[WhiteElo "2141"]
[BlackElo "2167"]
[PlyCount "102"]
[EventDate "2009.03.05"]

1. d4 Nf6 2. Nf3 g6 3. c4 Bg7 4. Nc3 O-O 5. e4 d6 6. Be2 e5 7. d5 a5 8. Bg5 h6
9. Bh4 g5 10. Bg3 Nh5 11. O-O Na6 12. Nd2 Nf4 13. Bg4 Nc5 14. Bxc8 Rxc8 15. f3
b6 16. Qc2 Qf6 17. a3 h5 18. b4 axb4 19. axb4 Ncd3 20. Ra4 h4 21. Bf2 Nxf2 22.
Kxf2 h3 23. g4 c6 24. dxc6 Rxc6 25. b5 Rc5 26. Qb1 Rfc8 27. Rd1 Bf8 28. Ra6 Qd8
29. Na4 d5 30. exd5 Rxc4 31. Nxc4 Rxc4 32. d6 Rd4 33. Rxd4 exd4 34. Nxb6 Bxd6
35. Qe4 Bb8 36. Nc4 d3 37. Ke1 Qd7 38. Rc6 Qa7 39. Rc8+ Kg7 40. Rxb8 Qxb8 41.
Qe5+ Qxe5+ 42. Nxe5 Nd5 43. Nxd3 Kf6 44. Nf2 Ke5 45. Nxh3 f6 46. Kd2 Nb6 47.
Kd3 Nd5 48. Kc4 Kd6 49. Kd4 Nb4 50. f4 Nc2+ 51. Ke4 gxf4 1-0

[Event "Bad Woerishofen sen"]
[Site "?"]
[Date "2009.03.07"]
[Round "3"]
[White "Szenetra, Werner"]
[Black "Groenegress, Wilfried"]
[Result "1-0"]
[WhiteElo "2246"]
[BlackElo "2178"]
[PlyCount "63"]
[EventDate "2009.03.05"]

1. Nf3 c5 2. g3 Nc6 3. Bg2 g6 4. O-O Bg7 5. d3 d6 6. Nbd2 e5 7. e4 Nge7 8. c3
O-O 9. a3 h6 10. b4 b6 11. b5 Na5 12. c4 Bd7 13. Bb2 a6 14. a4 Qc7 15. Nh4 Nb7
16. f4 f6 17. Bc3 Nd8 18. f5 g5 19. Nhf3 Nf7 20. Ne1 Ra7 21. Bf3 Rfa8 22. Qb3
Be8 23. Nc2 Nd8 24. Ne3 Bf7 25. Nd5 Nxd5 26. cxd5 axb5 27. Qxb5 Kf8 28. Nc4 Ra6
29. a5 bxa5 30. Rxa5 Rxa5 31. Bxa5 Qb8 32. Qxb8 1-0

[Event "Bad Woerishofen sen"]
[Site "?"]
[Date "2009.03.07"]
[Round "3"]
[White "Goy, Udo"]
[Black "Budt, Karl-Heinz"]
[Result "1/2-1/2"]
[WhiteElo "2203"]
[BlackElo "2134"]
[PlyCount "51"]
[EventDate "2009.03.05"]

1. d4 d5 2. Nf3 e6 3. c4 c6 4. e3 Nf6 5. Nc3 Nbd7 6. Bd3 dxc4 7. Bxc4 b5 8. Bd3
a6 9. e4 c5 10. e5 cxd4 11. Nxb5 axb5 12. exf6 Qb6 13. O-O gxf6 14. Be4 Bb7 15.
Bxb7 Qxb7 16. Nxd4 Rg8 17. f3 Bc5 18. Be3 Ne5 19. Qe2 Nc4 20. Bf2 Qb6 21. Qe4
Rd8 22. Qxh7 Rg6 23. Nb3 Bxf2+ 24. Rxf2 Nd2 25. Nxd2 Rxd2 26. Qh4 1/2-1/2

[Event "Bad Woerishofen sen"]
[Site "?"]
[Date "2009.03.07"]
[Round "3"]
[White "Schirmer, Werner"]
[Black "Ziltener, Werner"]
[Result "1/2-1/2"]
[WhiteElo "2091"]
[BlackElo "2103"]
[PlyCount "43"]
[EventDate "2009.03.05"]

1. e4 d6 2. d4 Nf6 3. Nc3 c6 4. Nf3 Bg4 5. Be2 e6 6. O-O d5 7. exd5 exd5 8. Ne5
Bxe2 9. Qxe2 Be7 10. Re1 O-O 11. Bg5 Re8 12. Rad1 Nbd7 13. Rd3 Nf8 14. Re3 Ne4
15. Nxe4 Bxg5 16. Nxf7 Bxe3 17. Nxd8 Rxe4 18. fxe3 Rxd8 19. Rf1 Nd7 20. Rf3 Nf6
21. h3 Rde8 22. g4 1/2-1/2

[Event "Bad Woerishofen sen"]
[Site "?"]
[Date "2009.03.07"]
[Round "3"]
[White "Hoennekes, Klaus"]
[Black "Kuehn, Peter"]
[Result "1/2-1/2"]
[WhiteElo "2138"]
[BlackElo "2050"]
[PlyCount "60"]
[EventDate "2009.03.05"]

1. e4 c5 2. Nc3 Nc6 3. g3 g6 4. d3 Bg7 5. Be3 d6 6. Qd2 e6 7. Bg2 Nf6 8. Bh6
O-O 9. h4 Nd4 10. Bxg7 Kxg7 11. Nd1 h6 12. c3 Nc6 13. f4 Rb8 14. Bf3 d5 15. e5
Ne8 16. h5 g5 17. d4 cxd4 18. cxd4 f5 19. g4 fxg4 20. Bxg4 Rxf4 21. Nf2 Rxd4
22. Qc2 Qa5+ 23. Kf1 Ne7 24. Ne2 Rd2 25. Qc1 Bd7 26. Rh3 Rc8 27. Rc3 Rxe2 28.
Bxe2 Rxc3 29. Qxc3 Qxc3 30. bxc3 Nf5 1/2-1/2

[Event "Bad Woerishofen sen"]
[Site "?"]
[Date "2009.03.07"]
[Round "3"]
[White "Fleckner, Hans"]
[Black "Mantzouneas, Nikolaos"]
[Result "1-0"]
[WhiteElo "1964"]
[BlackElo "1987"]
[PlyCount "85"]
[EventDate "2009.03.05"]

1. e4 c5 2. Nf3 d6 3. d4 cxd4 4. Nxd4 Nf6 5. Nc3 e5 6. Nb3 Be7 7. Be2 a6 8. a4
O-O 9. Be3 Be6 10. O-O Nbd7 11. f4 exf4 12. Rxf4 Rc8 13. Nd4 Ne5 14. Nf5 Bc4
15. Bf3 Ng6 16. Nxe7+ Qxe7 17. Rf5 d5 18. Bg5 Qb4 19. Bxf6 gxf6 20. exd5 Ne5
21. Ne4 Qxb2 22. Nxf6+ Kg7 23. Be4 Rcd8 24. Rb1 Qc3 25. Qh5 Qe3+ 26. Kh1 h6 27.
Rxe5 Kxf6 28. Qf5+ Kg7 29. Qh7+ Kf6 30. Rf5+ Ke7 31. Rxb7+ Rd7 32. Rxd7+ Kxd7
33. Rxf7+ Rxf7 34. Qxf7+ Kd8 35. Qf6+ Kc7 36. d6+ Kb6 37. d7+ Kc5 38. Qe5+ Kb4
39. c3+ Ka3 40. h3 Qd2 41. Bc6 h5 42. Qc7 Bd5 43. Bxd5 1-0

[Event "Bad Woerishofen sen"]
[Site "?"]
[Date "2009.03.07"]
[Round "3"]
[White "Zakharenko, Arnold"]
[Black "Mueller, Manfred"]
[Result "1-0"]
[WhiteElo "2292"]
[BlackElo "2079"]
[PlyCount "35"]
[EventDate "2009.03.05"]

1. c4 Nf6 2. Nf3 e6 3. g3 d5 4. Bg2 g6 5. b3 Bg7 6. Bb2 O-O 7. O-O Nc6 8. Ne5
Nxe5 9. Bxe5 Bd7 10. Nc3 c6 11. Qc2 Re8 12. Qb2 Nh5 13. Bxg7 Nxg7 14. d4 Qe7
15. e4 dxe4 16. Nxe4 e5 17. dxe5 Qxe5 18. Nf6+ 1-0

[Event "Bad Woerishofen sen"]
[Site "?"]
[Date "2009.03.07"]
[Round "3"]
[White "Reinke, Kurt"]
[Black "Kolb, Werner"]
[Result "1-0"]
[WhiteElo "1956"]
[BlackElo "1597"]
[PlyCount "81"]
[EventDate "2009.03.05"]

1. d4 Nf6 2. c4 c6 3. Nf3 d5 4. Nc3 e6 5. Bg5 Be7 6. e3 O-O 7. Be2 Nbd7 8. O-O
Re8 9. Rc1 Nf8 10. Ne5 N6d7 11. Bxe7 Qxe7 12. f4 Nf6 13. g4 dxc4 14. Bxc4 Nd5
15. Qf3 f6 16. Nd3 Kh8 17. e4 Nb6 18. Bb3 Nbd7 19. Ne2 f5 20. e5 Nb6 21. g5 Nd5
22. h4 b6 23. Bxd5 cxd5 24. Rc3 Ba6 25. Rfc1 Rac8 26. a3 Rc4 27. Nb4 Rxc3 28.
Rxc3 Bb7 29. h5 a5 30. Nc2 Qd7 31. Nc1 Ba6 32. Qf2 Rc8 33. Qd2 Rxc3 34. Qxc3
Qb5 35. Ne3 Kg8 36. b3 Qd7 37. b4 a4 38. Kf2 Qf7 39. Qc6 Qxh5 40. b5 Qh2+ 41.
Ng2 1-0

[Event "Bad Woerishofen sen"]
[Site "?"]
[Date "2009.03.07"]
[Round "3"]
[White "Barlo, Werner"]
[Black "Narr, Irmgard"]
[Result "1-0"]
[WhiteElo "1907"]
[BlackElo "1759"]
[PlyCount "65"]
[EventDate "2009.03.05"]

1. d4 Nf6 2. Nf3 e6 3. c4 c5 4. e3 cxd4 5. exd4 Bb4+ 6. Bd2 Qa5 7. Nc3 Nc6 8.
a3 Bxc3 9. Bxc3 Qc7 10. Bd3 b6 11. O-O O-O 12. Rc1 Bb7 13. d5 Nb8 14. Bxf6 gxf6
15. Qd2 Kg7 16. Ng5 h6 17. Ne4 Qe5 18. Rfe1 exd5 19. Nc5 Qc7 20. Nxb7 Qxb7 21.
Re3 Rh8 22. Rg3+ Kf8 23. Qb4+ Ke8 24. Re3+ Kd8 25. Qe7+ Kc8 26. cxd5+ Qc7 27.
Rxc7+ Kxc7 28. Be4 Na6 29. d6+ Kb8 30. Bxa8 Kxa8 31. Qxd7 Nc5 32. Re8+ Rxe8 33.
Qxe8+ 1-0

[Event "Bad Woerishofen sen"]
[Site "?"]
[Date "2009.03.07"]
[Round "3"]
[White "Kearsley, Raymond"]
[Black "Paetzold, Horst"]
[Result "0-1"]
[WhiteElo "1809"]
[BlackElo "1834"]
[PlyCount "56"]
[EventDate "2009.03.05"]

1. e4 c5 2. Nf3 Nc6 3. c3 Nf6 4. e5 Ng4 5. d4 cxd4 6. cxd4 g6 7. Bf4 Qb6 8. Qd2
e6 9. Nc3 Ne7 10. O-O-O Nf5 11. Bc4 d5 12. exd6 Nxd6 13. Bb3 Bd7 14. h3 Nf6 15.
Rhe1 Rc8 16. Kb1 Nc4 17. Bxc4 Rxc4 18. Ne5 Rxc3 19. Nxd7 Kxd7 20. Qxc3 Bb4 21.
Qf3 Bxe1 22. Rxe1 Nd5 23. Bd2 f5 24. Qd3 Rc8 25. Rc1 Rxc1+ 26. Bxc1 Nb4 27. Qe3
Qc6 28. Qb3 Qe4+ 0-1

[Event "Bad Woerishofen sen"]
[Site "?"]
[Date "2009.03.07"]
[Round "3"]
[White "Oser, Thor"]
[Black "Malik, Rosemarie"]
[Result "1/2-1/2"]
[WhiteElo "1880"]
[BlackElo "1701"]
[PlyCount "65"]
[EventDate "2009.03.05"]

1. e4 e5 2. g3 Nf6 3. Bg2 d6 4. h3 b6 5. c4 Bb7 6. Nc3 Nbd7 7. d3 Be7 8. Be3
O-O 9. Nge2 a6 10. g4 Rb8 11. Ng3 h6 12. Nf5 Nh7 13. Nxe7+ Qxe7 14. Ne2 Ndf6
15. Ng3 Bc8 16. Qd2 g5 17. f3 Be6 18. Bf1 Ne8 19. Qh2 Qf6 20. Be2 Qg6 21. Qf2
f6 22. h4 Ng7 23. Rh2 a5 24. Nf5 Bxf5 25. exf5 Qe8 26. hxg5 hxg5 27. O-O-O Qa4
28. Kb1 Ne8 29. Rdh1 Rf7 30. Bd1 Qd7 31. Bb3 c5 32. Qc2 Qb7 33. Rf2 1/2-1/2

[Event "Bad Woerishofen op"]
[Site "?"]
[Date "2009.03.08"]
[Round "4"]
[White "Mainka, Romuald"]
[Black "Epishin, Vladimir"]
[Result "1/2-1/2"]
[WhiteElo "2478"]
[BlackElo "2587"]
[PlyCount "47"]
[EventDate "2009.03.05"]

1. e4 d5 2. exd5 Qxd5 3. Nc3 Qd6 4. d4 Nf6 5. g3 c6 6. Bg2 Bf5 7. Nf3 e6 8. Ne5
Nbd7 9. Nc4 Qc7 10. Bf4 Qd8 11. Qe2 Nb6 12. Ne3 Bg6 13. O-O-O Be7 14. h4 h6 15.
Be5 Nbd5 16. Ncxd5 cxd5 17. Bxf6 gxf6 18. f4 Qd6 19. Kb1 O-O-O 20. Ka1 Kb8 21.
Rhe1 Bf8 22. c4 dxc4 23. Nxc4 Qa6 24. d5 1/2-1/2

[Event "Bad Woerishofen op"]
[Site "?"]
[Date "2009.03.08"]
[Round "4"]
[White "Teske, Henrik"]
[Black "Pirrot, Dieter"]
[Result "1-0"]
[WhiteElo "2515"]
[BlackElo "2441"]
[PlyCount "39"]
[EventDate "2009.03.05"]

1. e4 e5 2. Nf3 d6 3. d4 exd4 4. Nxd4 Nf6 5. Nc3 Be7 6. g3 d5 7. e5 Ng4 8. Bg2
c6 9. f4 O-O 10. O-O f6 11. e6 f5 12. h3 Nh6 13. g4 fxg4 14. f5 c5 15. Bxh6
gxh6 16. Qxg4+ Kh8 17. Nxd5 cxd4 18. f6 Bxf6 19. Rxf6 Nc6 20. e7 1-0

[Event "Bad Woerishofen op"]
[Site "?"]
[Date "2009.03.08"]
[Round "4"]
[White "Schneider, Ilja"]
[Black "Anistratov, Dimitrij"]
[Result "1/2-1/2"]
[WhiteElo "2496"]
[BlackElo "2384"]
[PlyCount "111"]
[EventDate "2009.03.05"]

1. e4 e5 2. Nc3 Nf6 3. f4 d5 4. fxe5 Nxe4 5. Nf3 Be7 6. d4 O-O 7. Bd3 f5 8.
exf6 Bxf6 9. O-O Nc6 10. Nxe4 dxe4 11. Bxe4 Bxd4+ 12. Kh1 Bg4 13. Bg5 Bf6 14.
Qd5+ Kh8 15. Qb5 Bxf3 16. Bxf6 Rxf6 17. Bxf3 Rb8 18. Rad1 Qf8 19. Bxc6 bxc6 20.
Qa6 Rd8 21. h3 Rxd1 22. Rxd1 c5 23. Qb7 Rf1+ 24. Rxf1 Qxf1+ 25. Kh2 Qf4+ 26. g3
Qf2+ 27. Qg2 Qf8 28. c4 h6 29. Qe2 Qf5 30. Kg2 Kh7 31. b3 Qb1 32. Kf3 Qf5+ 33.
Kg2 Qb1 34. h4 a5 35. Qd2 Qe4+ 36. Kf2 Qf5+ 37. Ke3 Qe5+ 38. Kf3 Qf5+ 39. Kg2
Qe4+ 40. Kh2 Qf5 41. Kg1 Qb1+ 42. Kf2 Qf5+ 43. Ke3 Qe5+ 44. Kf3 Qf5+ 45. Qf4
Qd3+ 46. Qe3 Qf5+ 47. Ke2 Qc2+ 48. Kf3 Qf5+ 49. Kg2 Qc2+ 50. Kh3 Qxa2 51. Qe4+
Kh8 52. Qe3 Qb1 53. Qxc5 Qh1+ 54. Kg4 Qe4+ 55. Kh3 Qh1+ 56. Kg4 1/2-1/2

[Event "Bad Woerishofen op"]
[Site "?"]
[Date "2009.03.08"]
[Round "4"]
[White "Dittmar, Peter"]
[Black "Gutman, Lev"]
[Result "0-1"]
[WhiteElo "2382"]
[BlackElo "2493"]
[PlyCount "76"]
[EventDate "2009.03.05"]

1. d4 Nf6 2. Bg5 Ne4 3. Bf4 d5 4. e3 Nd7 5. Nd2 g6 6. Nxe4 dxe4 7. Bc4 Bg7 8.
Ne2 O-O 9. Nc3 c5 10. Nxe4 Nb6 11. Be2 cxd4 12. exd4 Bxd4 13. Bh6 Bg7 14. Bxg7
Kxg7 15. O-O Qxd1 16. Rfxd1 Bf5 17. Nc5 Rfc8 18. b4 a5 19. c3 axb4 20. cxb4 Na4
21. g4 Nxc5 22. gxf5 Ne4 23. Rd7 Rc2 24. Bd3 Rd2 25. Rxe7 Nxf2 26. Bc4 Nh3+ 27.
Kh1 Ng5 28. Rf1 Rc8 29. Re2 Rd4 30. Bb3 Rxb4 31. fxg6 fxg6 32. Re7+ Kh6 33. Rd1
Rc3 34. Bd5 b6 35. Rg1 Nh3 36. Rg3 Rb1+ 37. Kg2 Nf4+ 38. Kf2 Rb2+ 0-1